UBT Library

Precalculus : (Record no. 42497)

000 -LEADER
fixed length control field 00743cam a2200241 a 4500
001 - CONTROL NUMBER
control field 12924215
005 - DATE AND TIME OF LATEST TRANSACTION
control field 20180214071240.0
008 - FIXED-LENGTH DATA ELEMENTS--GENERAL INFORMATION
fixed length control field 020910s2002 nyua 001 0 eng
010 ## - LIBRARY OF CONGRESS CONTROL NUMBER
LC control number 2002512225
020 ## - INTERNATIONAL STANDARD BOOK NUMBER
International Standard Book Number 0071383409 (pbk.)
035 ## - SYSTEM CONTROL NUMBER
System control number (OCoLC)ocm50211792
040 ## - CATALOGING SOURCE
Original cataloging agency JSY
Transcribing agency JSY
Modifying agency DLC
041 ## - LANGUAGE CODE
Language code of text/sound track or separate title eng
042 ## - AUTHENTICATION CODE
Authentication code lccopycat
080 ## - UNIVERSAL DECIMAL CLASSIFICATION NUMBER
Universal Decimal Classification number 512..076 MIC
082 00 - DEWEY DECIMAL CLASSIFICATION NUMBER
Classification number 512..076 MIC
Edition number 22
100 ## - Rafti
Rafti 36
101 ## - Shkurtesa
Shkurtesa mat
245 00 - TITLE STATEMENT
Title Precalculus :
Statement of responsibility, etc abridgement editor Kimberly S. Kirkpatrick.
906 ## - LOCAL DATA ELEMENT F, LDF (RLIN)
a 7
b cbc
c copycat
d 3
e ncip
f 20
g y-gencatlg
942 ## - ADDED ENTRY ELEMENTS (KOHA)
Source of classification or shelving scheme
Item type Books
Holdings
Withdrawn status Lost status Source of classification or shelving scheme Damaged status Not for loan Collection code Permanent location Current location Shelving location Date acquired Total Checkouts Full call number Barcode Date last seen Price effective from Koha item type
          Koleksioni i përgjithshem UBT - Lipjan UBT - Lipjan Koleksioni i përgjithshem 02/14/2018   512..076 MIC 002-2997280 02/14/2018 02/14/2018 Books
UBT Library © 2015-2024. All rights reserved University Education for Business and Technology